000
00280nam a2200121Ia 4500
008
190216s9999||||xx |||||||||||||| ||und||
100
_a
Sree Devi
245
0
_a
Yajnan
260
_b
Sahithya Pravarthaka Sahakarana Sangam
_c
1978
300
_a
214p
650
_a
Novel
942
_c
BK
999
_c
25866
_d
25866